000 00507nam a2200169 i 4500
001 55293
003 ES-MaACL
007 t|
008 030917s1985 sp ||||1| spa d
020 _a84-234-0593-1
100 1 _aDemory, Bernard.
_943669
245 1 0 _aCómo dirigir y animar las reuniones de trabajo /
_cBernard Demory ; traducción, Sabino Zabala.
260 _aBilbao :
_bDeusto,
_c[1985]
300 _a171 p. ;
_c24 cm.
700 1 _aZabala, Sabino.
_9117785
852 _aES-MaACL
_jL-9614
_bR.111183
999 _c55293
_d55293